00392nam a2200145Ia 4500003000400000005001700004008004100021040001800062041000800080100004900088110001200137245003800149260002000187710003900207OSt20260317115708.0211028s2017 xx 000 0 und d cAIMIT LIBRARY aeng aShetty, Sandesh; Shetty, Annapoorna.g141733 aRuban S aRoad Progress Monitoring System / aBangalorec2017 aQuest Innovative Solutions Pvt Ltd